| 000 | 01765cam a22003138i 4500 | ||
|---|---|---|---|
| 942 | _cBK | ||
| 999 |
_c684 _d684 |
||
| 001 | 19854009 | ||
| 003 | OSt | ||
| 005 | 20250420134821.0 | ||
| 008 | 170728t20172017enk b 001 0 eng c | ||
| 010 | _a 2017032917 | ||
| 020 |
_a9780521592109 _q(hardback ; _qalk. paper) |
||
| 040 |
_aOU/DLC _beng _erda _cKCST |
||
| 042 | _apcc | ||
| 050 | 0 | 0 |
_aQC174.45 _b.S475 2017 |
| 082 | 0 | 0 |
_a530.143 _223 _bSh Qu |
| 100 | 1 |
_aShankar, Ramamurti, _eauthor. _95312 |
|
| 245 | 1 | 0 |
_aQuantum field theory and condensed matter : _ban introduction / _cRamamurti Shankar (Yale University, Connecticut). |
| 260 | 1 |
_aCambridge, United Kingdom ; _aNew York, NY : _bCambridge University Press, _c2017. |
|
| 263 | _a1711 | ||
| 300 | _a434 p. | ||
| 490 | 1 | _aCambridge monographs on mathematical physics | |
| 504 | _aIncludes bibliographical references and index. | ||
| 505 | 0 | _aThermodynamics and statistical mechanics review -- Ising model in d = 0 and d = 1 -- Statistical to quantum mechanics -- Quantum to statistical mechanics -- Feynman path integral -- Coherent state path integrals for spins, bosons and fermions -- The two-dimensional Ising model -- Exact solution of the two-dimensional Ising model -- Majorana fermions -- Gauge theories -- The renormalization group -- Critical phenomena: the puzzle and resolution -- RG for the [phi]4 model -- Two views of renormalization -- RG for non-relativistic fermions: I -- RG for non-relativistic fermions: II -- Bosonization I: the fermion-boson dictionary -- Bosonization II: selected applications -- Duality and triality -- Techniques for the QHE. | |
| 650 | 0 |
_aQuantum field theory. _95313 |
|
| 650 | 0 |
_aCondensed matter. _93046 |
|
| 830 | 0 |
_aCambridge monographs on mathematical physics. _95314 |
|
| 942 | _2ddc | ||